October sellers struggle to adjust to new market conditions (Record no. 111317)

MARC details
000 -LEADER
fixed length control field 00988cad a22002295a 4500
001 - CONTROL NUMBER
control field L151368
008 - FIXED-LENGTH DATA ELEMENTS--GENERAL INFORMATION
fixed length control field 101026s2010 d f s 000 0 eng u
035 ## - SYSTEM CONTROL NUMBER
System control number (Sirsi) u151368
041 0# - LANGUAGE CODE
Language code of text/sound track or separate title eng
050 ## - LIBRARY OF CONGRESS CALL NUMBER
Classification number 333.33 $2 18
110 2# - MAIN ENTRY--CORPORATE NAME
Corporate name or jurisdiction name as entry element Rightmove
245 00 - TITLE STATEMENT
Title October sellers struggle to adjust to new market conditions
Medium [electronic resource]
260 ## - PUBLICATION, DISTRIBUTION, ETC.
Place of publication, distribution, etc. London
Name of publisher, distributor, etc. Rightmove
Date of publication, distribution, etc. 2010
490 00 - SERIES STATEMENT
Series statement Rightmove House Price Index
Volume/sequential designation October 2010
520 ## - SUMMARY, ETC.
Summary, etc. Average national asking price up by 3.1% on the September 2010 figure. Suggests that many sellers are going to be disappointed as there is evidence that high launch price damages chances of securing a later sale.
590 ## - LOCAL NOTE (RLIN)
Local note KA NTK
650 24 - SUBJECT ADDED ENTRY--TOPICAL TERM
Topical term or geographic name entry element RIGHTMOVE HOUSE PRICE INDEX
651 #4 - SUBJECT ADDED ENTRY--GEOGRAPHIC NAME
Geographic name United Kingdom
Chronological subdivision
690 ## - LOCAL SUBJECT ADDED ENTRY--TOPICAL TERM (OCLC, RLIN)
Topical term or geographic name as entry element PROPERTY-RESIDENTIAL PROPERTY-RESIDENTIAL PROPERTY MARKET
856 40 - ELECTRONIC LOCATION AND ACCESS
Uniform Resource Identifier <a href="https://www.rightmove.co.uk/news/files/2010/10/october-2010.pdf">https://www.rightmove.co.uk/news/files/2010/10/october-2010.pdf</a>
Public note View the item free of charge at www.rightmove.co.uk
942 ## - ADDED ENTRY ELEMENTS (KOHA)
Suppress in OPAC 0
Holdings
Withdrawn status Lost status Source of classification or shelving scheme Damaged status Not for loan Home library Current library Shelving location Date acquired Total Checkouts Full call number Barcode Date last seen Copy number Price effective from Koha item type
    Dewey Decimal Classification     Virtual Virtual Online 26/10/2010   ONLINE PUBLICATION 151368-2001 06/08/2019 1 06/08/2019 Book